Classement des nation selon la FIFA 2024 - Statistiques

Statistiques générales
  • Ce quiz a été pris 654 fois
  • Le résultat moyen est 20 sur 25
Statistiques - réponses
Rang Point Nation % Correct
2 1845.44 France
100%
1 1855.2 Argentine
99%
5 1784.09 Brésil
98%
8 1732.64 Espagne
98%
3 1800.05 Angleterre
97%
7 1745.06 Portugal
96%
4 1798.46 Belgique
94%
9 1718.82 Italie
94%
12 1663.38 Maroc
93%
16 1631.22 Allemagne
91%
6 1745.48 Pays-Bas
87%
13 1661.7 Etats-Unis
84%
10 1717.57 Croatie
83%
18 1614.33 Japon
80%
19 1613.44 Suisse
80%
11 1665.99 Uruguay
79%
15 1652.7 Mexique
76%
14 1655.29 Colombie
71%
17 1620.74 Sénégal
71%
21 1601.31 Danemark
68%
23 1554.82 Australie
63%
22 1566.21 Corée du Sud
57%
25 1546.1 Autriche
55%
24 1553.35 Ukraine
49%
20 1608.33 Iran
27%
Aucun quiz correspondant
Distribution des résultats
% des personnes avec chaque résultat
Percentile par nombre de réponses
Votre historique - résultats
Vous n’avez pas pris ce quiz